Industrie gesellschaften im wandel Japan and die BRD

Saved in:
Bibliographic Details
Main Author: Hax, Karl
Format: Book
Language:Undetermined
Published: Dusseldorf Bertelsmann Universitatsverlag 1970
Subjects:
Tags: Add Tag
No Tags, Be the first to tag this record!
Institutions: Trung tâm Học liệu Trường Đại học Cần Thơ
LEADER 00543nam a2200193Ia 4500
001 CTU_105015
008 210402s9999 xx 000 0 und d
082 |a 338.91 
082 |b H411 
100 |a Hax, Karl 
245 0 |a Industrie gesellschaften im wandel Japan and die BRD 
245 0 |c Karl Hax, Willy Kraus 
260 |a Dusseldorf 
260 |b Bertelsmann Universitatsverlag 
260 |c 1970 
650 |a Economic assistance 
650 |z Japanese 
904 |i Hiếu 
980 |a Trung tâm Học liệu Trường Đại học Cần Thơ